00600nam a22001937a 450000500170000000800410001702000180005804000210007604100080009708200160010510000320012124500960015325000170024926000340026630000100030065000400031070000260035070000300037620260515114936.0230121b ||||| |||| 00| 0 eng d a9789381784785 aIN-DiNCcIN-DiNC dasm a370.54bCHA aChaliha, Beda Kumareauthor aBharatiya sikshat nava parikrama/cby Beda Kumar Chaliha, Tarun Saikia and Runu Bora Saikia a7th rev. ed. aJorhat:bBidya bhawan,c2022. a544p. aEmerging trends in Indian education aSaikia, Taruneauthor aSaikia, Runu Boraeauthor